La nueva cara de la Iglesia española : (Record no. 196519)

MARC details
000 -LEADER
campo de control de longitud fija 01675nam a2200421 i 4500
001 - NÚMERO DE CONTROL
campo de control 196519
003 - IDENTIFICADOR DE NÚMERO DE CONTROL
campo de control ES-MaACL
005 - FECHA Y HORA DE LA ÚLTIMA TRANSACCIÓN
campo de control 20250904233824.0
007 - CAMPO FIJO DE DESCRIPCIÓN FÍSICA--INFORMACIÓN GENERAL
campo de control de longitud fija ta
008 - DATOS DE LONGITUD FIJA--INFORMACIÓN GENERAL
campo de control de longitud fija 241004s2006 sp a r 000 0 spa d
017 ## - NÚMERO DE COPYRIGHT O DE DEPÓSITO LEGAL
Número de copyright o de depósito legal B 35601-2006
Agencia que asigna Oficina Depósito Legal Barcelona
020 ## - NÚMERO INTERNACIONAL ESTÁNDAR DEL LIBRO
Número Internacional Estándar del Libro 9788489192898 (
Información calificativa Vol. 31)
020 ## - NÚMERO INTERNACIONAL ESTÁNDAR DEL LIBRO
Número Internacional Estándar del Libro 8489192898 (
Información calificativa Vol. 31)
020 ## - NÚMERO INTERNACIONAL ESTÁNDAR DEL LIBRO
Número Internacional Estándar del Libro 978848919254 (
Información calificativa O.C.)
035 ## - NÚMERO DE CONTROL DEL SISTEMA
Número de control de sistema Rebiun27670651
040 ## - FUENTE DE CATALOGACIÓN
Centro catalogador/agencia de origen BUAH
Lengua de catalogación spa
Centro/agencia transcriptor ES-MaACL
245 03 - MENCIÓN DEL TÍTULO
Título La nueva cara de la Iglesia española :
Resto del título 1971 /
Mención de responsabilidad, etc. [redacción M. Ángel Rodríguez... (et al.)]
260 ## - PUBLICACIÓN, DISTRIBUCIÓN, ETC.
Lugar de publicación, distribución, etc. Madrid :
Nombre del editor, distribuidor, etc. Unidad editorial,
Fecha de publicación, distribución, etc. 2006 (
Fabricante Gráficas Estella).
300 ## - DESCRIPCIÓN FÍSICA
Extensión 201 p. :
Otras características físicas il. col. y n., gráf., mapas ;
Dimensiones 25 cm.
336 ## - TIPO DE CONTENIDO
Fuente rdacontent
Término de tipo de contenido texto
337 ## - TIPO DE MEDIO
Fuente rdamedia
Nombre/término del tipo de medio sin mediación
338 ## - TIPO DE SOPORTE
Fuente rdacarrier
Nombre/término del tipo de soporte volumen
490 1# - MENCIÓN DE SERIE
Mención de serie El Franquismo, año a año ;
Designación de volumen o secuencia 31
490 0# - MENCIÓN DE SERIE
Mención de serie Biblioteca El Mundo
650 #7 - PUNTO DE ACCESO ADICIONAL DE MATERIA--TÉRMINO DE MATERIA
Término de materia o nombre geográfico como elemento de entrada Franquismo
Fuente del encabezamiento o término embne
9 (RLIN) 12981
651 #0 - PUNTO DE ACCESO ADICIONAL DE MATERIA--NOMBRE GEOGRÁFICO
Nombre geográfico España-
Subdivisión general Política y gobierno-
Subdivisión cronológica 1955-1975
9 (RLIN) 238969
651 #7 - PUNTO DE ACCESO ADICIONAL DE MATERIA--NOMBRE GEOGRÁFICO
Nombre geográfico España-
Subdivisión general Situación social-
Subdivisión cronológica 1939-1975
9 (RLIN) 163951
651 #0 - PUNTO DE ACCESO ADICIONAL DE MATERIA--NOMBRE GEOGRÁFICO
Nombre geográfico España-
Subdivisión general Cultura-
Subdivisión cronológica 1939-1975
9 (RLIN) 238970
655 #7 - TERMINO DE INDIZACIÓN--GENERO/FORMA
Fuente del término tgfbne
Datos o término principal de género/forma Libros ilustrados
9 (RLIN) 193653
700 ## - ENTRADA AGREGADA--NOMBRE PERSONAL
Nombre de persona Rodríguez Bajón, Miguel Ángel,
Fechas asociadas al nombre 1964-
Término indicativo de función/relación Autor
9 (RLIN) 238960
830 #3 - PUNTO DE ACCESO ADICIONAL DE SERIE-TÍTULO UNIFORME
Título uniforme El franquismo, año a año
Designación de volumen o secuencia 31
9 (RLIN) 238963
852 ## - LOCALIZACIÓN
Ubicación ES-MaACL
Ubicación en estantería Depósito J
Número de control de estantería A-15512
Donativo/Legado Donación: Fernando Codina Rodríguez
Encuadernación Encuadernación rústica con solapas
itemnumber 204232
903 ## - NOMBRE PERSONAL DE DONANTE
a Codina Rodríguez, Fernando
e Donante
9 238631
942 ## - ELEMENTOS DE ENTRADA SECUNDARIOS (KOHA)
Suprimir en OPAC No
Tipo de ítem Koha Libro impreso
Holdings
Estatus retirado Estado de pérdida Fuente del sistema de clasificación o colocación Estado de daño No para préstamo Biblioteca de origen Biblioteca actual Ubicación en estantería Fecha de adquisición Fuente de adquisición Total de préstamos Signatura topográfica completa Código de barras Visto por última vez Precio de reemplazo Tipo de ítem Koha
    Clasificación decimal universal     Biblioteca del Ateneo de Madrid Biblioteca del Ateneo de Madrid Depósito J 04/10/2024 Donación   A-15512 101229055 04/10/2024 04/10/2024 Libro impreso